| 000 | 00655nam a22002177a 4500 | ||
|---|---|---|---|
| 005 | 20250225083603.0 | ||
| 008 | 250220b mx |||||||| |||| 00| 0 spa d | ||
| 020 | _a9686039163 | ||
| 050 | 0 | 4 |
_aPQ7298.1.L87 _bH67 1981 |
| 100 | 1 | _aÁlvarez, Alfredo Juan | |
| 245 | 1 | 3 |
_aLa hora de babel _c / de Alfredo Juan Álvarez. |
| 250 | _a1a ed. | ||
| 260 |
_aMéxico : _bJuan Pablos Editor, _c1981 |
||
| 300 |
_a265 p. ; _c19 cm. |
||
| 490 | 0 |
_aLetras ; _v8 |
|
| 506 | _aRec. DGB. | ||
| 650 | 7 |
_2lemb _aLiteratura mexicana _ySiglo XX |
|
| 650 | 7 |
_2lemb _aNovela mexicana _ySiglo XX |
|
| 650 | 7 |
_2lemb _aLiteratura _xRelaciones interpersonales |
|
| 942 |
_2lcc _cLIB |
||
| 999 |
_c82705 _d82705 |
||